Vật lý vui : Giá của tia chớp
Những nghiên cứu sáng tạo và kiến thức các quy luật vật lý,thông tin mới mẻ,những ứng dụng phong phú,có thể tham gia vào một số trò chơi khoa học hấp dẫn.
Sparad:
| Huvudupphovsman: | |
|---|---|
| Materialtyp: | Bok |
| Språk: | Undetermined |
| Publicerad: |
Hà Nội
Phụ nữ
2009
|
| Ämnen: | |
| Taggar: |
Lägg till en tagg
Inga taggar, Lägg till första taggen!
|
| Thư viện lưu trữ: | Trung tâm Học liệu Trường Đại học Cần Thơ |
|---|
| LEADER | 00791nam a2200217Ia 4500 | ||
|---|---|---|---|
| 001 | CTU_148054 | ||
| 008 | 210402s9999 xx 000 0 und d | ||
| 020 | |c 29500 | ||
| 082 | |a 530 | ||
| 082 | |b D513 | ||
| 100 | |a Vũ, Kim Dũng | ||
| 245 | 0 | |a Vật lý vui : | |
| 245 | 0 | |b Giá của tia chớp | |
| 245 | 0 | |c Vũ Kim Dũng | |
| 260 | |a Hà Nội | ||
| 260 | |b Phụ nữ | ||
| 260 | |c 2009 | ||
| 520 | |a Những nghiên cứu sáng tạo và kiến thức các quy luật vật lý,thông tin mới mẻ,những ứng dụng phong phú,có thể tham gia vào một số trò chơi khoa học hấp dẫn. | ||
| 650 | |a Physics,Vật lý học | ||
| 904 | |i Châu | ||
| 980 | |a Trung tâm Học liệu Trường Đại học Cần Thơ | ||